000 00965nam a22001817a 4500
003 IT-RoPau
005 20220918181103.0
008 130405b xxu||||| |||| 00| 0 eng d
040 _cIT-RoPau
100 _aAutori vari
_990
245 _aL'eredità cristocentrica di Don Alberione
_bAtti del Seminario internazionale sulla Spiritualità della Famiglia Paolina Ariccia, 16- 27 settembre 1984
250 _a1° ed
260 _aBorgo San Dalmazzo (Udine)
_bSSP
_c1989
300 _a573 pp.
_c21,5 cm
490 _aEdizioni Paoline
520 _aIndice generale Presentazione Sigle Introduzione all'incontro di studio sulla Spiritualità della Famiglia Paolina, di renato Perino - I nostri obiettivi - I temi - L'iter dei lavori - Un augurio Parte prima Contestualizzazione della vita e dell'opera di Don Don Giacomo Alberione Parte seconda Il Cristo Via, Verità e Vita Centro della visione alberoniana Parte terza Conclusione e prospettive
942 _2ddc
_cBK
999 _c98320
_d98320